| 000 | 00338nam a2200145Ia 4500 | ||
|---|---|---|---|
| 008 | 230917s9999||||xx |||||||||||||| ||und|| | ||
| 040 |
_e139932 _aMAIN |
||
| 041 | _aEnglish | ||
| 082 | _a954.5 K968M | ||
| 100 | _aKhushwant Singh | ||
| 245 | 0 | _aMy bleeding Punjab | |
| 260 |
_aNew Delhi _bUBSPD _c1992 |
||
| 300 | _a164p p. | ||
| 942 | _cBK | ||
| 999 |
_c65517 _d65517 |
||